Państwa na świecie gdzie często som powodzie - Statystyki

Ogólne statystyki
  • Ten quiz został rozwiązany 17 razy
  • Średni wynik to 9 z 15
Statystyki odpowiedzi
Kontynent Państwa % Poprawnych
2.Azja Chiny
100%
4.Ameryka Północna USA
93%
3.Azja Indie
86%
13.Azja Japonia
79%
12.Ameryka Południowa Brazylia
71%
6.Azja Filipiny
71%
8.Azja Indonezja
71%
5.Azja Pakistan
71%
7.Azja Wietnam
71%
9.Azja Tajlandia
57%
1.Azja Bangladesz
50%
11.Ameryka Północna Meksyk
50%
15.Europa Wielka Brytania
36%
10.Azja Nepal
21%
14.Afryka Nigeria
14%
Nie znaleziono quizów pasujących do podanych kryteriów
Rozkład punktacji
Procent ludzi z każdym wynikiem
Percentyl według liczby udzielonych odpowiedzi
Twoja historia wyników
Nie rozwiązałeś tego quizu